Pon el nombre del cantante. - Estadísticas

Estadísticas generales
  • Esta prueba ha sido intentada 285 veces
  • La puntuación promedio es 9 de 15
Estadísticas de respuestas
Canción Cantante % Correcto
Vida de rico Camilo
87%
Ring Cardi B
87%
Hawái Maluma
84%
Monaco Bad Bunny
82%
Flowers Miley Cyrus
79%
Mi gente J Balvin
73%
La falda Myke Towers
68%
Acróstico Shakira
62%
Mi ex tenía razón Karol.G
61%
Cruel Summer Taylor Swift
54%
Diluvio Rauw Alejandro
53%
Tal vez Paulo Londra
52%
The boy is mine Ariana Grande
25%
Sensational Chris Brown
3%
Die a legend Eminem
2%
No se encontraron pruebas coincidentes
Distribución de puntuación
Porcentaje de gente con cada puntuación
Porcentaje por número respondido
Historial de tus puntuaciones
No has intentado esta prueba.